Physical education 2: (Record no. 2534)

MARC details
000 -LEADER
fixed length control field 00674nam a22002057a 4500
003 - CONTROL NUMBER IDENTIFIER
control field OSt
005 - DATE AND TIME OF LATEST TRANSACTION
control field 20240722080748.0
008 - FIXED-LENGTH DATA ELEMENTS--GENERAL INFORMATION
fixed length control field 240722b |||||||| |||| 00| 0 eng d
020 ## - INTERNATIONAL STANDARD BOOK NUMBER
International Standard Book Number 978-621-406-207-2
040 ## - CATALOGING SOURCE
Original cataloging agency DWC- Main Lib
Transcribing agency OC
082 ## - DEWEY DECIMAL CLASSIFICATION NUMBER
Classification number Fil. 613.07078 P578p 2019
100 ## - MAIN ENTRY--PERSONAL NAME
Personal name Punzalan , Michelle Duya
245 ## - TITLE STATEMENT
Title Physical education 2:
Remainder of title fitness exercises /
Statement of responsibility, etc. Michelle Duya Punzalan .
260 ## - PUBLICATION, DISTRIBUTION, ETC.
Place of publication, distribution, etc. Manila :
Name of publisher, distributor, etc. Mindshapers ,Co.,
Date of publication, distribution, etc. c2019.
300 ## - PHYSICAL DESCRIPTION
Extent ix , 127 pages :
Other physical details illustrations ;
Dimensions 23 cm.
504 ## - BIBLIOGRAPHY, ETC. NOTE
Bibliography, etc. note Include bibliographical references.
650 ## - SUBJECT ADDED ENTRY--TOPICAL TERM
Topical term or geographic name entry element 1. Physical fitness
650 ## - SUBJECT ADDED ENTRY--TOPICAL TERM
Topical term or geographic name entry element 2. Physical education and training
942 ## - ADDED ENTRY ELEMENTS (KOHA)
Source of classification or shelving scheme Dewey Decimal Classification
Koha item type Book-Filipiniana
Suppress in OPAC Yes
952 ## - LOCATION AND ITEM INFORMATION (KOHA)
--
952 ## - LOCATION AND ITEM INFORMATION (KOHA)
--
Holdings
Withdrawn status Lost status Source of classification or shelving scheme Damaged status Not for loan Home library Current library Date acquired Source of acquisition Cost, normal purchase price Total Checkouts Full call number Barcode Date last seen Copy number Price effective from Koha item type Uniform Resource Identifier
    Dewey Decimal Classification     College Library College Library 08/09/2019 School Fund 595.00   Fil. 613.07078 P578p 2019 52121 07/22/2024 c1 07/22/2024 BK - FIL
    Dewey Decimal Classification     College Library College Library 08/09/2019 School Fund 595.00   Fil. 613.07078 P578p 2019 52122 07/22/2024 c2 07/22/2024 BK - FIL